skbl

Dr Suryya Kumar Bhuyan Library Web-OPAC
ডঃ সূৰ্য্য
কুমাৰ ভূঞা পুথিভঁৰাল ৱেব-অ'পেক

All Research Scholars are advised to clear the annual library fees to continue using Library Resources, Remote Access, Plagiarism Test and Library Clearance.

Cotton University Book Fair 2026

Public Personnel Administration / (Record no. 6884)

MARC details
000 -LEADER
fixed length control field 01059nam a2200409Ia 4500
001 - CONTROL NUMBER
control field 6897
005 - DATE AND TIME OF LATEST TRANSACTION
control field 20240113233946.0
007 - PHYSICAL DESCRIPTION FIXED FIELD--GENERAL INFORMATION
fixed length control field ta
008 - FIXED-LENGTH DATA ELEMENTS--GENERAL INFORMATION
fixed length control field 050701s1984 a g b000 u guj u
020 ## - INTERNATIONAL STANDARD BOOK NUMBER
Terms of availability HB
040 ## - CATALOGING SOURCE
Original cataloging agency Cotton College,Assam
041 ## - LANGUAGE CODE
Language code of text/sound track or separate title guj
082 ## - DEWEY DECIMAL CLASSIFICATION NUMBER
Classification number 350.1
Item number G 55 Pu
100 ## - MAIN ENTRY--PERSONAL NAME
Personal name Goel, S.L. .
245 #0 - TITLE STATEMENT
Title Public Personnel Administration /
Statement of responsibility, etc. S.L. Goel.
Medium Textual Documents
250 ## - EDITION STATEMENT
Edition statement 1st ed. /
260 ## - PUBLICATION, DISTRIBUTION, ETC.
Place of publication, distribution, etc. New Delhi :
Name of publisher, distributor, etc. Sterling publishers ,
Date of publication, distribution, etc. 1984.
300 ## - PHYSICAL DESCRIPTION
Extent vii, 364p. :
Other physical details ill. ;
Dimensions 22cm .
500 ## - GENERAL NOTE
General note Lost pages- 67p.-78p.(Acc No. 79962) Lost- Acc no 80679 ,80679
504 ## - BIBLIOGRAPHY, ETC. NOTE
Bibliography, etc. note Index
653 ## - INDEX TERM--UNCONTROLLED
Uncontrolled term Political Science
653 ## - INDEX TERM--UNCONTROLLED
Uncontrolled term Personnel administration
653 ## - INDEX TERM--UNCONTROLLED
Uncontrolled term PG-Political Science
653 ## - INDEX TERM--UNCONTROLLED
Uncontrolled term MS-Political Science
653 ## - INDEX TERM--UNCONTROLLED
Uncontrolled term Administration
653 ## - INDEX TERM--UNCONTROLLED
Uncontrolled term G-Economics
942 ## - ADDED ENTRY ELEMENTS (KOHA)
Source of classification or shelving scheme Dewey Decimal Classification
Koha item type Books
Holdings
Withdrawn status Lost status Damaged status Not for loan Collection Home library Current library Date acquired Coded location qualifier Total checkouts Full call number Barcode Date last seen Copy number Price effective from Koha item type
          Dr. Suryya Kumar Bhuyan Library Dr. Suryya Kumar Bhuyan Library 01/02/2012 00000   350.1 G 55 Pu 84777 13/01/2024 6 01/02/2012 Books
          Dr. Suryya Kumar Bhuyan Library Dr. Suryya Kumar Bhuyan Library 01/02/2012 00000   350.1 G 55 Pu 79961 13/01/2024 2 01/02/2012 Books
          Dr. Suryya Kumar Bhuyan Library Dr. Suryya Kumar Bhuyan Library 01/02/2012 00000   350.1 G 55 Pu 79962 13/01/2024 1 01/02/2012 Books
          Dr. Suryya Kumar Bhuyan Library Dr. Suryya Kumar Bhuyan Library 01/02/2012 00000   350.1 G 55 Pu 80144 13/01/2024 5 01/02/2012 Books
          Dr. Suryya Kumar Bhuyan Library Dr. Suryya Kumar Bhuyan Library 01/02/2012 00000   350.1 G 55 Pu 80602 13/01/2024 3 01/02/2012 Books
          Dr. Suryya Kumar Bhuyan Library Dr. Suryya Kumar Bhuyan Library 01/02/2012 00000   350.1 G 55 Pu 80605 13/01/2024 7 01/02/2012 Books
          Dr. Suryya Kumar Bhuyan Library Dr. Suryya Kumar Bhuyan Library 01/02/2012 00000   350.1 G 55 Pu 80679 13/01/2024 8 01/02/2012 Books
          Dr. Suryya Kumar Bhuyan Library Dr. Suryya Kumar Bhuyan Library 01/02/2012 00000   350.1 G 55 Pu 80680 13/01/2024 4 01/02/2012 Books

Designed and Maintained by Team SKBL
©1901-2026

Powered by Koha